000 00251nam a2200097Ia 4500
008 190216s9999||||xx |||||||||||||| ||und||
100 _aDivakaran M
245 0 _aCivil Prathirotham Adunika Yudha Thanthrathil
260 _bKerala Basha Inst
942 _cBK
999 _c30259
_d30259